Statistics for Top Coffee Producing Countries In 45 Seconds

Click here to take the quiz!

General Stats

  • This quiz has been taken 27 times
  • The average score is 4 of 9

Answer Stats

Answer% Correct
Brazil
92%
Colombia
76%
Mexico
56%
Ethiopia
52%
India
48%
Indonesia
48%
Vietnam
24%
Uganda
12%
BONUS:The countries that drink the most coffee is {Finland}
8%

Score Distribution

Percentile by Number Answered

Percent of People with Each Score

Your Score History

You have not taken this quiz